Youtubeur(se)s : A - Z - Statistiques

Statistiques générales
  • Ce quiz a été pris 135 fois
  • Le résultat moyen est 3 sur 26
Statistiques - réponses
Hint Réponse % Correct
S Squeezie
77%
M Michou
53%
I Inoxtag
47%
T TiboInshape
23%
L LeBouseuh
20%
P Pidi
17%
V Valouzz
16%
E EnjoyPhoenix
8%
A Anyme023
7%
D Doc Jazy
6%
G GMK
6%
J JujuFitcats
4%
Z Zerator
4%
K Kaatsup
3%
U Unchained
3%
H HugoDécrypte
2%
B BouziTV
1%
C ChocolatAndVanillah
1%
F FABI1
1%
N Ninocapone
1%
O Ophenya
1%
Q Qui Hui
1%
R Romain Inachevés
1%
W Wankil FR
1%
X Xari
1%
Y Youtube fr
1%
Aucun quiz correspondant
Distribution des résultats
% des personnes avec chaque résultat
Percentile par nombre de réponses
Votre historique - résultats
Vous n’avez pas pris ce quiz